Removal Of Ocular Artifacts In Eeg Signals Using Adapted Wavelet And Adaptive Filtering (Record no. 233615)
[ view plain ]
| 000 -LEADER | |
|---|---|
| fixed length control field | 00892nam a2200145Ia 4500 |
| 008 - FIXED-LENGTH DATA ELEMENTS--GENERAL INFORMATION | |
| fixed length control field | 231221s9999 xx 000 0 und d |
| 041 ## - LANGUAGE CODE | |
| Language code of text/sound track or separate title | English |
| 082 ## - DEWEY DECIMAL CLASSIFICATION NUMBER | |
| Classification number | CPEC15-1090 |
| 100 ## - MAIN ENTRY--PERSONAL NAME | |
| Personal name | Aniket, M. Arpit, L. Krupa, B N. |
| 245 #0 - TITLE STATEMENT | |
| Title | Removal Of Ocular Artifacts In Eeg Signals Using Adapted Wavelet And Adaptive Filtering |
| 260 ## - PUBLICATION, DISTRIBUTION, ETC. | |
| Date of publication, distribution, etc. | 2015 |
| 500 ## - GENERAL NOTE | |
| General note | Removal Of Ocular Artifacts In Eeg Signals Using Adapted Wavelet And Adaptive Filtering M. Aniket, L. Arpit and B. N. Krupa Department of Telecommunication Engineering, PESIT, Bengaluru, India Department of Electrical and Electronics Engineering, PESIT, Bengaluru, India International Conference for Innovation in Biomedical Engineering and Life Sciences, pp. 62-67. Springer, Singapore, December 2015. |
| 650 ## - SUBJECT ADDED ENTRY--TOPICAL TERM | |
| Topical term or geographic name entry element | Removal,Ocular,Artifacts,Eeg,Signals,Using,Adapted,Wavelet,Adaptive,Filtering |
| 942 ## - ADDED ENTRY ELEMENTS (KOHA) | |
| Koha item type | Institutional repository |
| Date last seen | Total checkouts | Full call number | Accession number | Price effective from | Category | Lost status | Damaged status | Department | Withdrawn status | Home library | Current library | Shelving location | Entry date | Grants | Currency symbol | Conversion rate | Discount | Old discount |
|---|---|---|---|---|---|---|---|---|---|---|---|---|---|---|---|---|---|---|
| 26/01/2024 | CPEC15-1090 | IR1090 | 26/01/2024 | Institutional repository | EC | Central Library | Central Library | Central Library | EC | RS | 1 |
